Barcelona : quatre dècades de teatre / per Xavier Fàbregas quatre dècades de teatre / per Xavier Fàbregas
Publicado:
San Jorge, núm. 95 ( juny 1975), pàg 62 - 66 :
Materias:
Teatre -- Barcelona -- Història
MARC
| LEADER | 00000nam a2200000Ia 4500 | ||
|---|---|---|---|
| 001 | |||
| 008 | 160829s9999 xx 000 0 cat d | ||
| 100 | 1 | |a Fàbregas, Xavier, |d 1931-1985 |9 50443 | |
| 245 | |a Barcelona : |b quatre dècades de teatre / per Xavier Fàbregas | ||
| 260 | |a San Jorge, núm. 95 ( juny 1975), pàg 62 - 66 | ||
| 590 | |a Conté 10 fotografies | ||
| 650 | |a Teatre |x Barcelona |x Història |9 30822 | ||
| 901 | |a Arxiu | ||
| 942 | |n 1 | ||
| 952 | |0 0 |1 0 |4 0 |7 1 |9 50341 |a Arxiu |b Arxiu |d 2016-12-01 |l 0 |r 2016-12-01 00:00:00 |w 2016-12-01 |y ARXIU | ||
| 999 | |c 54183 |d 54183 | ||